000 01027nam0a2200325 i 4500
001 RU\NLR\BIBL_A\010189818
005 20241102085714.0
010 _a9785170741885
_93000
021 _aRU
_b2013-89865
_9812д/13
035 _a(NILC)RuMoRGB-006722278
035 _a(NLR Aleph) 010189818
090 _a10191882
_c10191882
100 _a20140211d2013 m y0rusy50 ca
101 1 _arus
_ceng
102 _aRU
105 _aa|||z|||000ay
200 1 _aДневник
_e[роман]
_fЧак Паланик
_g[пер. с англ. Е. Мартинкевич]
210 _aМосква
_cАСТ
_d2013
215 _a316, [1] с.
_d17
225 1 _aАльтернатива
333 _a16+
675 _a821.111(73)-31
686 1 _aШ6(7США)67-440.4(Лх1979-50)
700 1 _7ca
_8rus
_aПаланик
_bЧ.
_f1962-
_gЧак
_9217774
_3RU\NLR\AUTH\770217830
801 0 _aRU
_bRuMoRKP
_c20100511
_gRCR
801 2 _aRU
_bРГБ
_c20140115
_grcr
942 _cBOOK
980 _aNBR